Statistics for Most Powerful Countries In The World

Click here to take the quiz!

General Stats

  • This quiz has been taken 43 times
  • The average score is 57 of 80

Answer Stats

NumberAnswer% Correct
3.China
97%
2.Russia
97%
5.United Kingdom
97%
15.Australia
95%
38.Mexico
95%
1.United States
95%
4.Germany
92%
17.India
92%
23.Spain
92%
30.Brazil
89%
6.France
89%
44.Poland
89%
10.South Korea
89%
21.Sweden
89%
55.Argentina
86%
50.Colombia
86%
29.Egypt
86%
47.Indonesia
86%
18.Italy
86%
7.Japan
86%
22.Pakistan
86%
31.South Africa
86%
16.Turkey
86%
12.Canada
84%
41.Greece
84%
27.Norway
84%
39.Ukraine
84%
25.Belgium
81%
75.Croatia
81%
13.Iran
81%
34.New Zealand
81%
9.Saudi Arabia
81%
32.Vietnam
81%
54.Thailand
78%
28.Denmark
76%
40.Finland
76%
26.Netherlands
76%
46.Nigeria
76%
67.Chile
73%
19.Iraq
73%
48.Ireland
73%
66.Peru
73%
49.Portugal
73%
14.Switzerland
73%
8.Israel
70%
68.Czech Republic
68%
58.Malaysia
68%
61.Morocco
68%
52.Serbia
68%
11.United Arab Emirates
68%
51.Philippines
65%
70.Romania
65%
20.Singapore
65%
78.Slovenia
65%
74.Uruguay
65%
35.Belarus
62%
80.Estonia
62%
71.Hungary
62%
73.Bulgaria
59%
43.Kazakhstan
59%
79.Latvia
59%
76.Lithuania
59%
42.Oman
59%
24.Qatar
59%
65.Ecuador
54%
77.Slovakia
51%
33.Jordan
49%
53.Myanmar
49%
36.Lebanon
46%
62.Panama
46%
60.Sri Lanka
46%
59.Tanzania
46%
56.Angola
41%
37.Luxembourg
41%
63.Tunisia
41%
45.Azerbaijan
38%
69.Dominican Republic
38%
72.Costa Rica
35%
57.Ghana
32%
64.Guatemala
22%

Score Distribution

Percentile by Number Answered

Percent of People with Each Score

Your Score History

You have not taken this quiz